| 000 | 00574nam a2200217Ia 4500 | ||
|---|---|---|---|
| 005 | 20240304093639.0 | ||
| 008 | 131103s9999 xx 000 0 und d | ||
| 020 |
_a8125901906 _cRs.295 |
||
| 040 | _aLoreto College | ||
| 041 | _aEnglish | ||
| 082 |
_a370.954 _bSIN |
||
| 245 |
_aInequality in Indian Education, _cEdited by R.P.Sinha |
||
| 260 |
_aDelhi _bVikas Publishing House _c1997 |
||
| 300 |
_axxxiv,212 p. _b ill.,tables |
||
| 504 | _aIncludes index | ||
| 650 | _aEducation | ||
| 651 | _aIndia | ||
| 700 | _aSinha,R.P.,ed. | ||
| 850 | _aLCLIB | ||
| 942 | _cBK | ||
| 999 |
_c9195 _d59674 |
||